|
|
|
|
| LEADER |
00000nam0a2200000 4500 |
| 001 |
69548 |
| 005 |
20231031075910.0 |
| 010 |
|
|
|a 5020326518
|
| 035 |
|
|
|a (RuTPU)RU\TPU\book\74047
|
| 090 |
|
|
|a 69548
|
| 100 |
|
|
|a 20041027d2004 k y0rusy50 ca
|
| 101 |
0 |
|
|a rus
|
| 102 |
|
|
|a RU
|
| 105 |
|
|
|a y z 001zy
|
| 200 |
1 |
|
|a Непараметрическое оценивание функционалов от распределений стационарных последовательностей
|f В. А. Васильев, А. В. Добровидов, Г. М. Кошкин
|
| 210 |
|
|
|a Москва
|c Наука
|d 2004
|
| 215 |
|
|
|a 508 с.
|
| 320 |
|
|
|a Библиогр.: с. 481-504.
|
| 320 |
|
|
|a Предметный указатель: с. 505-508.
|
| 610 |
1 |
|
|a математика
|
| 610 |
1 |
|
|a функционалы
|
| 610 |
1 |
|
|a ядерные оценки
|
| 610 |
1 |
|
|a независимые выборки
|
| 610 |
1 |
|
|a непараметрическое оценивание
|
| 610 |
1 |
|
|a плотность распределения
|
| 610 |
1 |
|
|a динамические системы
|
| 610 |
1 |
|
|a моделирование
|
| 610 |
1 |
|
|a идентификация
|
| 610 |
1 |
|
|a случайные последовательности
|
| 610 |
1 |
|
|a непараметрическая фильтрация
|
| 610 |
1 |
|
|a случайные сигналы
|
| 610 |
1 |
|
|a прогноз
|
| 610 |
1 |
|
|a процедуры оценивания
|
| 610 |
1 |
|
|a качество
|
| 610 |
1 |
|
|a скачкообразные процессы
|
| 610 |
1 |
|
|a актуарная математика
|
| 610 |
1 |
|
|a статистические процедуры
|
| 675 |
|
|
|a 519.23
|v 3
|
| 675 |
|
|
|a 517.982
|v 3
|
| 700 |
|
1 |
|a Васильев
|b В. А.
|g Вячеслав Артурович
|
| 701 |
|
1 |
|a Добровидов
|b А. В.
|g Александр Викторович
|
| 701 |
|
1 |
|a Кошкин
|b Г. М.
|g Геннадий Михайлович
|
| 801 |
|
1 |
|a RU
|b 63413507
|c 20041027
|g PSBO
|
| 801 |
|
2 |
|a RU
|b 63413507
|c 20041119
|g PSBO
|
| 942 |
|
|
|c BK
|